Online
Catalog

Un día en la vida del The New York Times / (Record no. 44082)

MARC details
000 -CABECERA
campo de control de longitud fija 00571nam a2200169 a 4500
001 - NÚMERO DE CONTROL
campo de control 000044593
005 - FECHA Y HORA DE LA ÚLTIMA TRANSACCIÓN
campo de control 20201002045503.0
008 - DATOS DE LONGITUD FIJA--INFORMACIÓN GENERAL
campo de control de longitud fija 140721s1973 mx r 000 0 spa d
040 ## - FUENTE DE LA CATALOGACIÓN
Centro catalogador/agencia de origen DO-SdBNP
Lengua de catalogación spa
Centro/agencia transcriptor BNPHU
082 ## - NÚMERO DE LA CLASIFICACIÓN DECIMAL DEWEY
Número de clasificación xxxx
Número de documento/Ítem A237a
100 1# - ENTRADA PRINCIPAL--NOMBRE DE PERSONA
Nombre de persona Adler, Ruth
9 (RLIN) 72624
240 10 - TÍTULO UNIFORME
Título uniforme A day in the life of The New York Times.
Lenguaje de la obra Español
245 13 - MENCIÓN DE TÍTULO
Título Un día en la vida del The New York Times /
Mención de responsabilidad, etc. Ruth Adler ; traducción de Francisco J. Perea.
260 ## - PUBLICACIÓN, DISTRIBUCIÓN, ETC.
Lugar de publicación, distribución, etc. México :
Nombre del editor, distribuidor, etc. Editores Asociados,
Fecha de publicación, distribución, etc. 1973.
300 ## - DESCRIPCIÓN FÍSICA
Extensión 370 p. ;
Dimensiones 20 cm.
700 12 - PUNTO DE ACCESO ADICIONAL--NOMBRE DE PERSONA
Nombre de persona Perea, Francisco J.,
Término indicativo de función/relación tr.
9 (RLIN) 41991
Holdings
Estado de retiro Estado de pérdida Restricciones de uso No para préstamo Código de colección Localización permanente Ubicación/localización actual Ubicación en estantería Fecha de adquisición Número de inventario Total de préstamos Signatura topográfica completa Código de barras Fecha visto por última vez Precio válido a partir de Tipo de ítem Koha Nota pública
      Excluido de préstamo Monografías: Libros y Folletos General General Depósito 21.07.2014 LF1   xxxx A237a 44593-10 25.06.2020 25.06.2020 No se presta Perteneció a la biblioteca personal de Germán Emilio Ornes.

Powered by Koha